Statistics for CO Geography Starting with "CO"

Click here to take the quiz!

General Stats

  • This quiz has been taken 14 times
  • The average score is 7 of 16

Answer Stats

HintAnswer% Correct
National Park unit rising above Grand Junction{Colorado} National Monument
100%
Colorado's second-largest cityColorado Springs
100%
Separates the Atlantic and Pacific watershedsContinental Divide
64%
Southwestern city near Mesa VerdeCortez
55%
Denver suburb that hosts the Colorado RapidsCommerce City
45%
Ski areas in the central mountains{Copper} Mountain
45%
Fourteener in the Collegiate Peaks rangeMount {Columbia}
45%
Runs through Superior, Louisville, Lafayette, and Erie{Coal} Creek
36%
Denver metro community named for the state flowerColumbine
36%
Highest paved crossing of the previous answer{Cottonwood} Pass
36%
Ski areas in the central mountainsSki {Cooper}
36%
Tributary of the upper Gunnison River{Cochetopa} Creek
27%
Historic mining district near TrinidadCokedale
27%
Covers much of the southeastern plains{Comanche} National Grassland
27%
Counties with a Hispanic/Latino majorityConejos
27%
Counties with a Hispanic/Latino majorityCostilla
27%

Score Distribution

Percentile by Number Answered

Percent of People with Each Score

Your Score History

You have not taken this quiz